Народництво в Україні 60-80-х років ХІХ століття (Запис № 318891)

МАРК-запис
000 -Лідер
fixed length control field 00779nam a22002537a 4500
001 - Контрольний номер
control field 32447
003 - Ідентифікатор контрольного номера
control field UA-OsUOA
005 - Дата та час останнього входження (трансакції)
control field 20211204185443.0
007 - Фіксоване поле фізичного опису
fixed length control field ta
008 - Елементи даних фіксованої довжини – загальна інформація
fixed length control field 20050202b un ||||| |||| 00| 0 ukr d
020 ## - Міжнародний стандартний книжковий номер (ISBN)
Міжнародний стандартний книжковий номер (ISBN) (НП) 966-7056-95-3
040 ## - Джерело каталогізації
Агенція оригінальної каталогізації UA-OsUOA
Мова каталогізації ukr
Агенція, яка здійснювала перезапис UA-OsUOA
Агенція, яка здійснювала модифікацію UA-OsUOA
041 ## - Код мови
Код мови тексту/ звукової доріжки чи окремого заголовка (П) ukr
044 ## - Код країни видавця/ виробника
Код країни видавця/ виробника (П) UA
080 ## - Індекс Універсальної десяткової класифікації
Індекс Універсальної десяткової класифікації (УДК) (НП) 94(477)052.3
090 ## - Локальний шифр розміщення
Класифікаційний індекс УДК 94(477)052.3
Авторський знак (НП) С24
100 ## - Основне введення – ім’я особи
Ім’я особи (НП) Світленко С. В.
245 ## - Відомості про назву
Назва (НП) Народництво в Україні 60-80-х років ХІХ століття
Решта назви (НП) теоретичні проблеми джерелознавства та історії
260 ## - Публікація, розповсюдження і т.п. (Вихідні дані)
Місце публікації, розповсюдження і т.п. (П) Дніпрорпетровськ
Ім’я/ наймення видавництва, розповсюджувача і т.п. (П) Навчальна книга
Дата публікації, розповсюдження і т.п. (П) 1999
300 ## - Фізичний опис
Обсяг 240 с.
650 #7 - Додаткове предметне введення – тематичний термін
Джерело заголовка чи терміна UDC
942 ## - Додаткові елементи входу (Коха)
Тип елемента Koha Книги
Source of classification or shelving scheme Universal Decimal Classification
955 ## - Код типу видання за змістом
Код типу видання за змістом (НП) інше
Фонди
Стан вилучень Стан втрат Джерело класифікації або схеми стелажів Стан уражень Не для кредиту Постійне місце розташування Поточне розміщення Дата придбання Вартість, звичайна ціна покупки Інвентарний номер Повний номер виклику Штрих-код Дата останнього перегляду Ціна ефективна від Тип елемента Koha Примітка, призначена для загального доступу
    Universal Decimal Classification     ЧЗ - Читальна зала ЧЗ - Читальна зала 02/02/2005 5.00 60528 94(477)052.3 С24 60528 07/02/2022 02/02/2005 Книги з автографом С. Світленка
    Universal Decimal Classification     ЧЗ - Читальна зала ЧЗ - Читальна зала 02/02/2005 5.00 80262 94(477)052.3 С24 80262 07/02/2022 02/02/2005 Книги з автографом С. Світленка